000 00848nam a2200241 i 4500
001 146555
003 ES-MaACL
005 20250629063131.0
007 t|
008 070912s1949 ag ab |||| | spa d
080 _a811(460)
100 1 _aTovar, Antonio,
_d1911-1985
_9111167
245 1 0 _aEstudios sobre las primitivas lenguas hispánicas /
_cAntonio Tovar.
260 _aBuenos Aires :
_bConi,
_c1949.
300 _a243 p., 5 h. de mapas :
_bil. ;
_c23 cm.
594 _aPrecede al tít.: Universidad de Buenos Aires, Falcultad de Filosofía y Letras, Instituto de Filología, Sección Clásica.
650 0 4 _aLengua española-
_vHistoria.
_914166
651 4 _aEspaña-
_xLenguas.
_98381
710 2 _aInstituto de Filología (Buenos Aires)
_94943
852 _aES-MaACL
_jD-6753
942 _2udc
999 _c146555
_d146555